Hardcore Multiplication Quiz Stats

 Plays Quiz not verified by Sporcle

Support Sporcle.
Go Orange.
Score 0/10 Timer 03:00
0 Plays Today
Questions Answer % Correct
4874 * 29748
94.4%
9999 * 989991
88.9%
67 * 473149
77.8%
9469 * 69653361
38.9%
10*897478234789578356789467892364389747823478957835678946789236430
33.3%
2 * 24
27.8%
7634947 * 45343572615
27.8%
24 *123456729629608
22.2%
456654*6544562998859950224
0%
1019 * 324330196
0%

You're not logged in!

Compare scores with friends on all Sporcle quizzes.
OR
Log In

From the Vault

Begins and Ends with 'C' II

by jme1412

C is for cookie and that's good enough for us.
Remove Ads.
Support Sporcle.
Get the best of Sporcle when you Go Orange. This ad-free experience offers more features, more stats, and more fun while also helping to support Sporcle. Thank you for becoming a member.

Show Comments

Extras

Created Dec 24, 2012ReportNominate
Tags:hardcore, multiplication

Top Quizzes Today


Score Distribution

Your Account Isn't Verified!

In order to create a playlist on Sporcle, you need to verify the email address you used during registration. Go to your Sporcle Settings to finish the process.

Report this User

Report this user for behavior that violates our Community Guidelines.

Details: